Alors, on dîne Martin ? (mort subite) - Statistiques

Statistiques générales
  • Ce quiz a été pris 11 fois
  • Le résultat moyen est 3 sur 11
Answers on the Grid
Answers color-coded by a green-red scale on the quiz's grid according to % correct below.
Il était de nationalité américaine
Il porte son propre prénom dans "Embrasse-moi idiot"
Il était d'origine papoue
Son surnom était "Le kid de Minneapolis"
Il était surnommé "The King of Cool"
Son vrai prénom : Dino
Il a écrit les paroles de "My way"
The Rat Pack était le groupe qu'il avait avec Frank Sinatra
Son vrai prénom était Théodule
Il était Crooner
Il était chasseur d'ours en Sibérie
Il était d'origine italienne
Son vrai prénom était Tchang
Il était acteur
Son partenaire dans "Rio Bravo" était John Wayne
Il dansait très bien la bourrée auvergnate
Il formait un duo avec Jerry Lewis
La chanson "Everybody loves somebody" l'a rendu célèbre
 
Statistiques - réponses
Réponse % Correct
Il était de nationalité américaine
82%
Il porte son propre prénom dans "Embrasse-moi idiot"
64%
Il était acteur
36%
Il formait un duo avec Jerry Lewis
36%
Il était Crooner
18%
Il était surnommé "The King of Cool"
18%
Son partenaire dans "Rio Bravo" était John Wayne
18%
Son vrai prénom : Dino
18%
Il était d'origine italienne
9%
The Rat Pack était le groupe qu'il avait avec Frank Sinatra
9%
La chanson "Everybody loves somebody" l'a rendu célèbre
0%
Aucun quiz correspondant
Distribution des résultats
% des personnes avec chaque résultat
Percentile par nombre de réponses
Votre historique - résultats
Vous n’avez pas pris ce quiz